| 000 | 00906nam a2200325Ia 4500 | ||
|---|---|---|---|
| 001 | 9755 | ||
| 005 | 20240113234228.0 | ||
| 007 | ta | ||
| 008 | 050728s1956 a g b000 u eng u | ||
| 040 | _aCotton College Assam | ||
| 041 |
_aeng _hEnglish |
||
| 082 |
_a891.2109 _bK 178 M |
||
| 100 | _aMitra, Pramada-Dasa. | ||
| 245 | 0 |
_aThe Mirror of Composition / _cPramada-Dasa Mitra. _hTextual Documents |
|
| 250 | _a1st ed. / | ||
| 260 |
_aDelhi : _bMotilal Banarsidass Publishers , _c1956. |
||
| 300 |
_aviii, 443p. : _bill. ; _c22cm . |
||
| 500 | _aEnglish Translation of The Sahitya-Darpana of Viswanatha Kaviraja. | ||
| 653 | _aSanskrit Poetry-Criticism | ||
| 653 | _aMS-Sanskrit | ||
| 653 | _aG-Sanskrit | ||
| 653 | _aT/G-Sanskrite | ||
| 942 |
_2ddc _cBK |
||
| 999 |
_c9742 _d9742 |
||